000 01287cgm a2200337 4500
008 090401t1995 xxu||||| |||| 00| 0 eng d
020 _a0947763961
035 _a(Sirsi) u62669
041 _aeng
041 _aeng
050 _a333.3320285
_c18
100 _aDixon, Tim
245 _aUsing microcomputers for property valuation and appraisal
_bCPD Study pack
260 _aReading
_bCollege of Estate Management
_c1995
300 _av, 42p.
_c30cm. + 1 audio cassette (ca. 60 min.)
350 _a47.50
490 _aCollege of Estate Management CPD Study Pack
520 _aAims to provide the reader with an overview of how computers, together with the appropritate software, can aid property valuation and appraisal.
520 _aIncludes the Owlion Audio Programme "Modern valuation techniques and microcomputers" (B3207) which is available to borrow seperately.
650 _aCOMPUTER SOFTWARE
650 _aCOMPUTERS
650 _aLOTUS 1-2-3
650 _aPROPERTY APPRAISAL
650 _aPROPERTY VALUATION
650 _aSPREADSHEETS
690 _aMANAGEMENT-BUSINESS MANAGEMENT-INFORMATION MANAGEMENT
710 _aCollege of Estate Management
_9400
710 _aRoyal Institution of Chartered Surveyors
_94900
942 _n0
948 _c04/03/1997
999 _c85331
_d85331